000 00287nam a22001337a 4500
008 181017b xxu||||| |||| 00| 0 eng d
020 _a9780721692746
041 _aeng
080 _27th
_a616
100 _a9
101 _aPAT
245 _aBasic Pathology
_cKumar,V
942 _2udc
_cBK
999 _c49970
_d49970